STOKES DARCY EQUATIONS / (Record no. 588949)
[ view plain ]
| 000 -LEADER | |
|---|---|
| fixed length control field | 00317nam a22001337a 4500 |
| 020 ## - INTERNATIONAL STANDARD BOOK NUMBER | |
| Qualifying information | PB. |
| 040 ## - CATALOGING SOURCE | |
| Transcribing agency | FIZZA ISHAQ |
| 082 ## - DEWEY DECIMAL CLASSIFICATION NUMBER | |
| Classification number | 515.7 |
| Author Mark | ULR |
| 100 ## - MAIN ENTRY--PERSONAL NAME | |
| Personal name | WILBRANDT,ULRICH |
| 9 (RLIN) | 90729 |
| 245 ## - TITLE STATEMENT | |
| Title | STOKES DARCY EQUATIONS / |
| Statement of responsibility, etc. | ULRICH WILBRANDT. |
| 260 ## - PUBLICATION, DISTRIBUTION, ETC. | |
| Place of publication, distribution, etc. | BIRKHAUSER ; |
| Date of publication, distribution, etc. | 2019. |
| 300 ## - PHYSICAL DESCRIPTION | |
| Extent | 212 P. ; |
| 942 ## - ADDED ENTRY ELEMENTS (KOHA) | |
| Source of classification or shelving scheme | |
| Koha item type | Book |
| Withdrawn status | Lost status | Source of classification or shelving scheme | Damaged status | Not for loan | Permanent Location | Current Location | Date acquired | Total Checkouts | Full call number | Barcode | Date last seen | Price effective from | Koha item type |
|---|---|---|---|---|---|---|---|---|---|---|---|---|---|
| NUST Baluchistan Campus (NBC) | NUST Baluchistan Campus (NBC) | 03/29/2022 | 515.7 ULR | Q-3158 | 03/29/2022 | 03/29/2022 | Book |
